|
|
|
|
| LEADER |
00000nab a2200000 a 4500 |
| 001 |
vtls011101967 |
| 003 |
SK-MaSNL |
| 005 |
20260303131332.0 |
| 008 |
230218|1993 xo |||||||||||||||||cze| |
| 015 |
|
|
|a SNBRB
|
| 035 |
|
|
|a (uuid)1cce1f7b-3655-4a7e-9c37-7929d5c0f096
|
| 035 |
|
|
|a (urnnbn)urn:nbn:sk:snk:ar-007a6m
|
| 035 |
|
|
|a urn:nbn:sk:snk-ab9861
|
| 040 |
|
|
|a SNKBUCL
|b slo
|c SNKBUCL
|e AACR2
|
| 041 |
0 |
|
|a cze
|
| 044 |
|
|
|a xo
|c SK
|
| 100 |
1 |
|
|a Hrubá, D.
|4 aut
|9 1127597
|
| 245 |
1 |
0 |
|a Bakan, P.: Handedness and maternal smoking during pregnancy.
|c D. Hrubá
|
| 773 |
0 |
|
|t Československá hygiena : časopis společnosti hygieniků, sekce čs. lékařské společnosti J.E. Purkyně
|g Roč. 38, č. 1 (1993), s. 64
|
| 954 |
|
|
|a odborná, vedecká literatúra cudzojazyčná (svetová)
|2 lita
|
| 958 |
|
|
|a OND
|
| 958 |
|
|
|a EUIPO
|
| 958 |
|
|
|a article13
|
| 999 |
|
|
|c 1944607
|d 1946537
|